000 00345nam a2200157Ia 4500
100 _aLathi/ B.P.
250 _a3
942 _cBK
654 _adigital & analog
245 _aModern digital & analog comunications systems
260 _bOUP
_aBangalore
_c1998
082 _a621.3811
_bLAT
300 _a781
546 _aENGLISH
999 _c28580
_d28580